000 00647nam a2200229Ia 4500
003 OSt
005 20220918202353.0
006 a|||||r|||| 00| 0
007 ta
008 220917b |||||||| |||| 00| 0 eng d
024 _a100,708
037 _cTextual
040 _aARTS
_cARTS
_beng
041 _2eng
_aeng
082 _aV23155:21wM78, J1
100 _aRanade V G
_9103419
245 0 _aLife of his highness Raja Shreemant Sir Raghunathrao S alias Babasaheb Pandit Pant Sachiv, Raja of Bhor
260 _c1951
650 _aHISTORY
942 _hV23155:21wM78, J1
_cTEXL
_2CC
999 _c224236
_d224236